| 000 | 01498nam a2200433 a 4500 | ||
|---|---|---|---|
| 001 | 22570 | ||
| 003 | SK-KTurca | ||
| 005 | 20260401134845.0 | ||
| 008 | 080505s2007 xo j 000 f slo d | ||
| 020 | _a9788055116426 (viaz.) | ||
| 035 | _aa000392850 | ||
| 040 |
_aUKB _bslo _cUKB _eAACR2 |
||
| 041 | 1 |
_aslo _heng |
|
| 044 |
_axo _cSK |
||
| 072 | 7 |
_a821-93 _xLiteratúra pre deti a mládež (beletria) _2konspekt |
|
| 072 | 7 |
_a821.111 _xAnglická literatúra, anglicky písaná _2konspekt |
|
| 080 |
_a821.111-31 _21997 |
||
| 080 |
_a(0:82-312.9) _21997 |
||
| 080 |
_a821-93 _21997 |
||
| 100 | 1 |
_aPullman, Philip, _d1946- |
|
| 240 | 1 | 0 |
_aNorthern lights ; The subtle knife ; The amber spyglass. _lSlovensky |
| 245 | 1 | 0 |
_aTemné hmoty _bstrhujúca trilógia _cPhilip Pullman ; [z anglických originálov preložila Oľga Kralovičová, Tamara Chovanová ; verše preložila Jana Kantorová-Báliková] |
| 260 |
_aBratislava _bIkar _c2007 |
||
| 300 | _a811 s. | ||
| 500 | _aDokument obsahuje tri diela | ||
| 653 | _a821.111-31 | ||
| 653 | _a(0:82-312.9) | ||
| 653 | _a821-93 | ||
| 655 | 7 |
_aanglické romány _2UKBPH |
|
| 655 | 7 |
_apublikácie pre mládež _2UKBPH |
|
| 655 | 7 |
_afantazijné romány _2UKBPH |
|
| 700 | 1 |
_aKralovičová, Oľga, _d1957- _4trl |
|
| 700 | 1 |
_aChovanová, Tamara, _d1953- _4trl |
|
| 700 | 1 |
_aKantorová-Báliková, Jana, _d1951- _4trl |
|
| 740 | 0 | 2 | _aZlatý kompas |
| 740 | 0 | 2 | _aMagický nôž |
| 740 | 0 | 2 | _aJantárový ďalekohľad |
| 942 |
_2ddc _cKLDE _n0 |
||
| 999 |
_c22570 _d22570 |
||